000 00265nam a2200097Ia 4500
001 640784
005 20250826153454.0
008 250824s9999 xx 000 0 und d
245 0 _aAŞKI SÖYLEMEK GALİB İN HÜNERİ/ ŞEYH GALİP
_cAYLA ABAK
260 _bGENÇ TİMAŞ
999 _c640784
_d640784